| 000 | 00693nam a2200253Ia 4500 | ||
|---|---|---|---|
| 003 | OSt | ||
| 005 | 20221007102319.0 | ||
| 006 | a|||||r|||| 00| 0 | ||
| 007 | ta | ||
| 008 | 221006b |||||||| |||| 00| 0 eng d | ||
| 020 | _a8175344156 | ||
| 024 | _a10,009 | ||
| 037 | _cTextual | ||
| 040 |
_aLCO _cLCO _beng |
||
| 041 |
_2eng _aeng |
||
| 082 | _aY15:4:6, P4 | ||
| 100 |
_aJaising Indira Ed. _9407955 |
||
| 245 | 0 | _aLaw Relating To Sexual Harassment At Work Place | |
| 260 |
_aNew _bDelhi Universal Law Books India _c2004 |
||
| 300 | _a311 | ||
| 650 |
_aSEXUAL HARASSMENT _9601764 |
||
| 942 |
_hY15:4:6, P4 _cTEXL |
||
| 999 |
_c1179572 _d1179572 |
||